Laparoskopické adrenalektómie - 120 operácií

Bibliographic Details
Main Authors: Marková, I. (Author), Marko, Ľubomír, 1962- (Author), Molnár, P. (Author), Vladovič, P. (Author), Koreň, Roman (Author)
Format: Article
Language:Slovak

MARC

LEADER 00000nab a2200000uu 4500
001 vtls010896944
003 SK-MaSNL
005 20260303142336.0
008 230222|2008 xo |||||||||||||||||slo|
015 |a SNBRB 
035 |a (urnnbn)urn:nbn:sk:snk:ar-006md6 
035 |a (uuid)244a9037-dbc8-41cb-8dbb-b0e74f21255c 
035 |a urn:nbn:sk:snk-ab8phd 
040 |a SNKBUCL  |b slo  |c SNKBUCL  |e AACR2 
041 0 |a slo 
044 |a xo  |c SK 
100 1 |a Marková, I.  |4 aut  |9 823461 
245 1 0 |a Laparoskopické adrenalektómie - 120 operácií  |c I. Marková, Ľ. Marko, P. Molnár, P. Vladovič, R. Koreň 
700 1 |a Marko, Ľubomír,  |d 1962-  |4 aut  |9 224520 
700 1 |a Molnár, P.  |4 aut  |9 832156 
700 1 |a Vladovič, P.  |4 aut  |9 837099 
700 1 |a Koreň, Roman  |4 aut  |9 614901 
773 0 |t Miniinvazívna chirurgia a endoskopia  |g Roč. 12, č. 4 (2008), s. 15-20 
954 |a odborná, vedecká literatúra pôvodná (slovenská)  |2 lita 
958 |a OND 
958 |a EUIPO 
958 |a article10 
999 |c 1982144  |d 1984074